[Event "World Youth & Cadets Blitz Championships"]
[Site "Rhodes, Greece"]
[Date "2022.05.03"]
[Round "7.38"]
[White "Karas, Eugenia"]
[Black "Kawa, Anna"]
[Result "1/2-1/2"]
[TimeControl "5'/game & 2\"/move"]
[WhiteElo "1579"]
[BlackElo "1353"]

1. d4 {[%clk 00:05:03]} {[%emt 00:00:01]} d5 {[%clk 00:05:04]} 2. c4 {[%clk
00:05:04]} {[%emt 00:00:01]} e6 {[%clk 00:05:06]} 3. Nf3 {[%clk 00:05:05]} Nf6
{[%clk 00:05:07]} 4. g3 {[%clk 00:05:07]} {[%emt 00:00:01]} dxc4 {[%clk
00:05:06]} {[%emt 00:00:02]} 5. Qa4+ {[%clk 00:05:06]} {[%emt 00:00:03]} Nbd7
{[%clk 00:05:03]} {[%emt 00:00:05]} 6. Qxc4 {[%clk 00:05:06]} {[%emt 00:00:02]}
Be7 {[%clk 00:05:03]} {[%emt 00:00:02]} 7. Bg2 {[%clk 00:05:07]} {[%emt
00:00:01]} O-O {[%clk 00:05:03]} {[%emt 00:00:02]} 8. O-O {[%clk 00:05:07]}
{[%emt 00:00:02]} c6 {[%clk 00:05:02]} {[%emt 00:00:03]} 9. a3 {[%clk
00:04:57]} {[%emt 00:00:12]} Nb6 {[%emt 00:00:03]} 10. Qc2 {[%clk 00:04:58]}
Bd7 {[%clk 00:05:04]} {[%emt 00:00:01]} 11. Nc3 {[%clk 00:04:52]} {[%emt
00:00:08]} Rc8 {[%clk 00:05:04]} 12. b4 {[%clk 00:04:51]} {[%emt 00:00:03]}
Nbd5 {[%clk 00:04:59]} {[%emt 00:00:07]} 13. Bb2 {[%clk 00:04:43]} {[%emt
00:00:10]} a5 {[%clk 00:04:57]} {[%emt 00:00:04]} 14. Nxd5 {[%clk 00:04:08]}
{[%emt 00:00:37]} cxd5 {[%clk 00:04:55]} {[%emt 00:00:04]} 15. Qb3 {[%clk
00:04:06]} {[%emt 00:00:05]} axb4 {[%clk 00:04:54]} {[%emt 00:00:03]} 16. axb4
{[%clk 00:04:06]} {[%emt 00:00:02]} Qb6 {[%clk 00:04:54]} 17. Ba3 {[%clk
00:03:43]} {[%emt 00:00:25]} Bb5 {[%clk 00:04:48]} {[%emt 00:00:08]} 18. Rfe1
{[%clk 00:03:30]} {[%emt 00:00:15]} Ne4 {[%clk 00:04:49]} {[%emt 00:00:01]} 19.
e3 {[%clk 00:02:38]} {[%emt 00:00:54]} Rc3 {[%clk 00:04:36]} {[%emt 00:00:15]}
20. Qb2 {[%clk 00:02:37]} {[%emt 00:00:03]} Rfc8 {[%clk 00:04:36]} {[%emt
00:00:02]} 21. Rac1 {[%clk 00:02:31]} {[%emt 00:00:08]} Ba4 {[%clk 00:03:49]}
{[%emt 00:00:49]} 22. Rxc3 {[%clk 00:01:42]} {[%emt 00:00:50]} Rxc3 {[%clk
00:03:51]} 23. Rc1 {[%clk 00:01:29]} {[%emt 00:00:15]} Rxc1+ {[%clk 00:03:32]}
{[%emt 00:00:21]} 24. Qxc1 {[%clk 00:01:30]} {[%emt 00:00:01]} Qc6 {[%clk
00:03:34]} 25. Qxc6 {[%clk 00:01:14]} {[%emt 00:00:19]} bxc6 {[%clk 00:03:32]}
{[%emt 00:00:03]} 26. Ne5 {[%clk 00:00:44]} {[%emt 00:00:33]} Nc3 {[%clk
00:03:32]} {[%emt 00:00:01]} 27. Nd3 {[%clk 00:00:28]} {[%emt 00:00:18]} Nb1
{[%clk 00:03:30]} {[%emt 00:00:05]} 28. Bb2 {[%clk 00:00:26]} {[%emt 00:00:03]}
Bc2 {[%clk 00:03:17]} {[%emt 00:00:15]} 29. Nc5 {[%clk 00:00:26]} {[%emt
00:00:03]} Nd2 {[%clk 00:02:53]} {[%emt 00:00:25]} 30. Bc3 {[%clk 00:00:21]}
{[%emt 00:00:07]} Nc4 {[%clk 00:02:54]} {[%emt 00:00:01]} 31. Bf1 {[%clk
00:00:19]} {[%emt 00:00:04]} Bxc5 {[%clk 00:02:28]} {[%emt 00:00:28]} 32. bxc5
{[%clk 00:00:19]} {[%emt 00:00:03]} Bb3 {[%clk 00:02:29]} 33. Bxc4 {[%clk
00:00:17]} {[%emt 00:00:05]} Bxc4 {[%clk 00:02:29]} {[%emt 00:00:01]} 34. Ba5
{[%clk 00:00:16]} {[%emt 00:00:03]} f6 {[%clk 00:02:25]} {[%emt 00:00:05]} 35.
f3 {[%clk 00:00:16]} {[%emt 00:00:03]} e5 {[%clk 00:02:19]} {[%emt 00:00:08]}
36. Kf2 {[%clk 00:00:11]} {[%emt 00:00:07]} Kf7 {[%clk 00:02:17]} {[%emt
00:00:04]} 37. f4 {[%clk 00:00:10]} {[%emt 00:00:03]} exd4 {[%clk 00:02:17]}
{[%emt 00:00:02]} 38. exd4 {[%clk 00:00:12]} {[%emt 00:00:01]} Ke6 {[%clk
00:02:17]} 39. Ke3 {[%clk 00:00:13]} {[%emt 00:00:03]} Kf5 {[%clk 00:02:01]}
{[%emt 00:00:18]} 40. h3 {[%clk 00:00:13]} {[%emt 00:00:01]} h5 {[%clk
00:02:01]} {[%emt 00:00:02]} 41. Bc7 {[%clk 00:00:13]} {[%emt 00:00:02]} g5
{[%clk 00:01:56]} {[%emt 00:00:08]} 42. Kf3 {[%clk 00:00:12]} {[%emt 00:00:02]}
Ke6 {[%clk 00:01:24]} {[%emt 00:00:35]} 43. fxg5 {[%clk 00:00:10]} {[%emt
00:00:03]} fxg5 {[%clk 00:01:25]} {[%emt 00:00:01]} 44. Bd8 {[%clk 00:00:11]}
{[%emt 00:00:02]} Kf5 {[%clk 00:01:20]} {[%emt 00:00:06]} 45. g4+ {[%clk
00:00:12]} {[%emt 00:00:01]} hxg4+ {[%clk 00:01:21]} 46. hxg4+ {[%clk
00:00:13]} Kg6 {[%clk 00:01:22]} {[%emt 00:00:02]} 47. Bc7 {[%clk 00:00:14]}
{[%emt 00:00:01]} 1/2-1/2

[Event "World Youth & Cadets Blitz Championships"]
[Site "Rhodes, Greece"]
[Date "2022.05.03"]
[Round "7.39"]
[White "Ferrer Naranjo, Liennys"]
[Black "Hnatyshyn, Anastasiia"]
[Result "0-1"]
[TimeControl "5'/game & 2\"/move"]
[WhiteElo "1210"]
[BlackElo "1784"]

1. e4 {[%clk 00:05:02]} {[%emt 00:00:02]} c5 {[%clk 00:05:03]} {[%emt
00:00:02]} 2. Nc3 {[%clk 00:05:02]} {[%emt 00:00:02]} Nc6 {[%clk 00:05:03]}
{[%emt 00:00:01]} 3. g3 {[%clk 00:05:02]} {[%emt 00:00:02]} g6 {[%clk
00:05:03]} {[%emt 00:00:02]} 4. Bg2 {[%clk 00:05:02]} {[%emt 00:00:02]} Bg7
{[%clk 00:05:03]} {[%emt 00:00:02]} 5. d3 {[%clk 00:05:02]} {[%emt 00:00:02]}
e6 {[%clk 00:05:00]} {[%emt 00:00:05]} 6. Be3 {[%clk 00:05:00]} {[%emt
00:00:04]} d6 {[%clk 00:04:56]} {[%emt 00:00:07]} 7. f4 {[%clk 00:04:50]}
{[%emt 00:00:12]} Nge7 {[%clk 00:04:55]} {[%emt 00:00:03]} 8. Nf3 {[%clk
00:04:50]} {[%emt 00:00:01]} Nd4 {[%clk 00:04:50]} {[%emt 00:00:08]} 9. O-O
{[%clk 00:04:45]} {[%emt 00:00:07]} O-O {[%clk 00:04:50]} {[%emt 00:00:02]} 10.
Rb1 {[%clk 00:04:36]} {[%emt 00:00:11]} Rb8 {[%clk 00:04:39]} {[%emt 00:00:13]}
11. Ne2 {[%clk 00:04:15]} {[%emt 00:00:23]} Nxf3+ {[%clk 00:04:12]} {[%emt
00:00:29]} 12. Bxf3 {[%clk 00:04:11]} {[%emt 00:00:06]} Nc6 {[%clk 00:04:09]}
{[%emt 00:00:05]} 13. Bg2 {[%clk 00:04:07]} {[%emt 00:00:05]} b5 {[%clk
00:03:26]} {[%emt 00:00:45]} 14. Qd2 {[%clk 00:04:00]} {[%emt 00:00:10]} Qc7
{[%clk 00:03:10]} {[%emt 00:00:18]} 15. Bh3 {[%clk 00:03:40]} {[%emt 00:00:21]}
f5 {[%clk 00:02:44]} {[%emt 00:00:29]} 16. Bg2 {[%clk 00:03:25]} {[%emt
00:00:17]} Bb7 {[%clk 00:02:25]} {[%emt 00:00:21]} 17. c3 {[%clk 00:03:09]}
{[%emt 00:00:19]} Ne7 {[%clk 00:02:10]} {[%emt 00:00:16]} 18. Qc2 {[%clk
00:02:33]} {[%emt 00:00:37]} d5 {[%clk 00:01:34]} {[%emt 00:00:38]} 19. e5
{[%clk 00:02:07]} {[%emt 00:00:29]} Rfc8 {[%clk 00:01:25]} {[%emt 00:00:11]} 20.
d4 {[%clk 00:01:46]} {[%emt 00:00:23]} c4 {[%clk 00:01:22]} {[%emt 00:00:05]}
21. h4 {[%clk 00:01:32]} {[%emt 00:00:16]} h5 {[%clk 00:01:20]} {[%emt
00:00:04]} 22. Kh2 {[%clk 00:01:10]} {[%emt 00:00:23]} Kf8 {[%clk 00:01:06]}
{[%emt 00:00:17]} 23. Ng1 {[%clk 00:01:08]} {[%emt 00:00:04]} Ng8 {[%clk
00:01:06]} {[%emt 00:00:02]} 24. Nf3 {[%clk 00:01:01]} {[%emt 00:00:09]} Nh6
{[%clk 00:01:04]} {[%emt 00:00:04]} 25. Bh3 {[%clk 00:00:56]} {[%emt 00:00:07]}
Ke7 {[%clk 00:00:58]} {[%emt 00:00:08]} 26. Ng5 {[%clk 00:00:51]} {[%emt
00:00:06]} Ng4+ {[%clk 00:00:50]} {[%emt 00:00:11]} 27. Bxg4 {[%clk 00:00:50]}
{[%emt 00:00:03]} hxg4 {[%clk 00:00:50]} {[%emt 00:00:02]} 28. Kg2 {[%clk
00:00:43]} {[%emt 00:00:09]} Rh8 {[%clk 00:00:49]} {[%emt 00:00:03]} 29. Rh1
{[%clk 00:00:42]} {[%emt 00:00:03]} Rh5 {[%clk 00:00:49]} {[%emt 00:00:02]} 30.
Rbd1 {[%clk 00:00:30]} {[%emt 00:00:14]} Bc6 {[%clk 00:00:41]} {[%emt
00:00:10]} 31. Bd2 {[%clk 00:00:20]} {[%emt 00:00:12]} a5 {[%clk 00:00:38]}
{[%emt 00:00:05]} 32. a3 {[%clk 00:00:19]} {[%emt 00:00:02]} Qb6 {[%clk
00:00:38]} {[%emt 00:00:03]} 33. Be1 {[%clk 00:00:14]} {[%emt 00:00:08]} Bh6
{[%clk 00:00:18]} {[%emt 00:00:21]} 34. Qe2 {[%clk 00:00:12]} {[%emt 00:00:04]}
Bxg5 {[%clk 00:00:15]} {[%emt 00:00:05]} 35. fxg5 {[%clk 00:00:10]} {[%emt
00:00:04]} Kf7 {[%clk 00:00:09]} {[%emt 00:00:08]} 36. Qf2 {[%clk 00:00:10]}
{[%emt 00:00:01]} Kg7 {[%clk 00:00:09]} {[%emt 00:00:03]} 37. Bd2 {[%clk
00:00:11]} Qa6 {[%emt 00:00:05]} 38. Ra1 {[%clk 00:00:11]} Qb6 {[%clk
00:00:08]} {[%emt 00:00:02]} 39. Rae1 {[%clk 00:00:12]} Qc7 {[%clk 00:00:08]}
{[%emt 00:00:02]} 40. Bf4 {[%clk 00:00:08]} {[%emt 00:00:06]} b4 {[%clk
00:00:07]} {[%emt 00:00:03]} 41. axb4 {[%clk 00:00:09]} {[%emt 00:00:01]} axb4
{[%clk 00:00:07]} {[%emt 00:00:02]} 42. Rb1 {[%clk 00:00:09]} {[%emt 00:00:02]}
bxc3 {[%clk 00:00:07]} {[%emt 00:00:02]} 43. bxc3 {[%clk 00:00:10]} {[%emt
00:00:01]} Rhh8 {[%clk 00:00:07]} {[%emt 00:00:02]} 44. Qc2 {[%clk 00:00:10]}
{[%emt 00:00:02]} Qa7 {[%clk 00:00:07]} {[%emt 00:00:02]} 45. Ra1 {[%clk
00:00:11]} {[%emt 00:00:01]} Qd7 {[%clk 00:00:07]} {[%emt 00:00:02]} 46. Rhb1
{[%clk 00:00:12]} {[%emt 00:00:01]} Ba4 {[%clk 00:00:07]} {[%emt 00:00:02]} 47.
Qc1 {[%clk 00:00:12]} {[%emt 00:00:03]} Rb3 {[%clk 00:00:06]} {[%emt 00:00:02]}
48. Qd2 {[%clk 00:00:08]} {[%emt 00:00:05]} Rhb8 {[%clk 00:00:07]} {[%emt
00:00:02]} 49. Be3 {[%clk 00:00:06]} {[%emt 00:00:04]} Rxb1 {[%clk 00:00:07]}
{[%emt 00:00:01]} 50. Rxb1 {[%clk 00:00:07]} {[%emt 00:00:02]} Rxb1 {[%clk
00:00:08]} 51. Qa2 {[%clk 00:00:08]} Qb5 {[%clk 00:00:09]} 52. Bf2 {[%clk
00:00:08]} {[%emt 00:00:02]} Qb3 {[%clk 00:00:10]} 53. Qe2 {[%clk 00:00:08]}
{[%emt 00:00:02]} Rb2 {[%clk 00:00:09]} {[%emt 00:00:04]} 54. Qe3 {[%clk
00:00:09]} Qc2 {[%clk 00:00:09]} {[%emt 00:00:02]} 55. h5 {[%clk 00:00:10]}
{[%emt 00:00:01]} gxh5 {[%clk 00:00:09]} {[%emt 00:00:02]} 56. g6 {[%clk
00:00:10]} {[%emt 00:00:02]} Kxg6 {[%clk 00:00:10]} {[%emt 00:00:01]} 57. Qf4
{[%clk 00:00:11]} {[%emt 00:00:02]} Qe4+ {[%clk 00:00:10]} 58. Qxe4 {[%clk
00:00:11]} {[%emt 00:00:02]} fxe4 {[%clk 00:00:11]} {[%emt 00:00:01]} 59. Kf1
{[%clk 00:00:12]} {[%emt 00:00:01]} Bc2 {[%clk 00:00:11]} {[%emt 00:00:01]} 60.
Be3 {[%clk 00:00:13]} {[%emt 00:00:01]} Bd3+ {[%clk 00:00:12]} 61. Kg1 {[%clk
00:00:14]} {[%emt 00:00:02]} Rc2 {[%clk 00:00:13]} {[%emt 00:00:01]} 62. Bf4
{[%clk 00:00:14]} {[%emt 00:00:02]} Rxc3 {[%clk 00:00:14]} {[%emt 00:00:02]} 63.
Bd2 {[%clk 00:00:15]} Rc2 {[%clk 00:00:15]} {[%emt 00:00:01]} 64. Bb4 {[%clk
00:00:16]} c3 {[%clk 00:00:15]} {[%emt 00:00:01]} 65. Bxc3 {[%clk 00:00:15]}
{[%emt 00:00:03]} Rxc3 {[%clk 00:00:15]} {[%emt 00:00:02]} 66. Kf2 {[%clk
00:00:16]} Rc2+ {[%clk 00:00:16]} {[%emt 00:00:01]} 67. Ke1 {[%clk 00:00:16]}
{[%emt 00:00:02]} e3 {[%clk 00:00:14]} {[%emt 00:00:04]} 68. Kd1 {[%clk
00:00:16]} {[%emt 00:00:01]} e2+ {[%clk 00:00:15]} {[%emt 00:00:01]} 69. Ke1
{[%clk 00:00:18]} {[%emt 00:00:01]} Rc1+ {[%clk 00:00:16]} 70. Kd2 {[%clk
00:00:18]} {[%emt 00:00:02]} e1=Q+ {[%clk 00:00:15]} {[%emt 00:00:03]} 71. Kxd3
{[%clk 00:00:19]} Rc3# {[%clk 00:00:16]} {[%emt 00:00:02]} 0-1

[Event "World Youth & Cadets Blitz Championships"]
[Site "Rhodes, Greece"]
[Date "2022.05.03"]
[Round "7.40"]
[White "Smietanska, Wiktoria"]
[Black "Aydogan, Arya"]
[Result "1-0"]
[TimeControl "5'/game & 2\"/move"]
[WhiteElo "1890"]
[BlackElo "1206"]

1. c4 {[%clk 00:05:03]} e6 {[%clk 00:05:02]} {[%emt 00:00:02]} 2. Nc3 {[%clk
00:05:03]} {[%emt 00:00:02]} d5 {[%clk 00:05:02]} {[%emt 00:00:02]} 3. cxd5
{[%clk 00:05:04]} {[%emt 00:00:01]} exd5 {[%clk 00:05:02]} {[%emt 00:00:02]} 4.
d4 {[%clk 00:05:04]} {[%emt 00:00:02]} c6 {[%clk 00:05:02]} {[%emt 00:00:02]} 5.
Nf3 {[%clk 00:05:04]} {[%emt 00:00:03]} Bd6 {[%clk 00:05:01]} {[%emt 00:00:02]}
6. Bg5 {[%clk 00:05:02]} {[%emt 00:00:04]} Ne7 {[%clk 00:04:59]} {[%emt
00:00:04]} 7. e3 {[%clk 00:05:01]} {[%emt 00:00:03]} f6 {[%clk 00:04:56]}
{[%emt 00:00:06]} 8. Bh4 {[%clk 00:05:00]} {[%emt 00:00:03]} Bf5 {[%clk
00:04:53]} {[%emt 00:00:05]} 9. Bd3 {[%clk 00:04:54]} {[%emt 00:00:08]} O-O
{[%clk 00:04:45]} {[%emt 00:00:09]} 10. Bg3 {[%clk 00:04:48]} {[%emt 00:00:08]}
Bc7 {[%clk 00:04:26]} {[%emt 00:00:20]} 11. Qc2 {[%clk 00:04:46]} {[%emt
00:00:05]} Bxd3 {[%clk 00:04:20]} {[%emt 00:00:08]} 12. Qxd3 {[%clk 00:04:45]}
{[%emt 00:00:03]} Nd7 {[%clk 00:04:14]} {[%emt 00:00:08]} 13. Bxc7 {[%clk
00:04:41]} {[%emt 00:00:07]} Qxc7 {[%clk 00:04:12]} {[%emt 00:00:03]} 14. O-O
{[%clk 00:04:39]} {[%emt 00:00:04]} Rfe8 {[%clk 00:04:01]} {[%emt 00:00:13]} 15.
Rfc1 {[%clk 00:03:56]} {[%emt 00:00:46]} Qd6 {[%clk 00:03:57]} {[%emt
00:00:05]} 16. Rab1 {[%clk 00:03:55]} {[%emt 00:00:04]} Rac8 {[%clk 00:03:52]}
{[%emt 00:00:06]} 17. b4 {[%clk 00:03:55]} {[%emt 00:00:02]} b5 {[%clk
00:03:47]} {[%emt 00:00:08]} 18. a4 {[%clk 00:03:42]} {[%emt 00:00:15]} a6
{[%clk 00:03:42]} {[%emt 00:00:07]} 19. a5 {[%clk 00:03:40]} {[%emt 00:00:04]}
Rc7 {[%clk 00:03:30]} {[%emt 00:00:12]} 20. Ne2 {[%clk 00:03:37]} {[%emt
00:00:06]} Nf8 {[%clk 00:03:18]} {[%emt 00:00:14]} 21. Nf4 {[%clk 00:03:23]}
{[%emt 00:00:16]} Qd7 {[%clk 00:03:08]} {[%emt 00:00:12]} 22. Rc5 {[%clk
00:03:13]} {[%emt 00:00:12]} Nf5 {[%clk 00:02:58]} {[%emt 00:00:12]} 23. Rbc1
{[%clk 00:01:46]} {[%emt 00:01:29]} Rec8 {[%clk 00:02:40]} {[%emt 00:00:20]} 24.
Qc2 {[%clk 00:01:27]} {[%emt 00:00:21]} Ne6 {[%clk 00:02:20]} {[%emt 00:00:22]}
25. Nxe6 {[%clk 00:01:07]} {[%emt 00:00:23]} Qxe6 {[%clk 00:02:19]} {[%emt
00:00:02]} 26. Nd2 {[%clk 00:00:26]} {[%emt 00:00:43]} Nd6 {[%clk 00:01:53]}
{[%emt 00:00:29]} 27. Rc3 {[%clk 00:00:23]} {[%emt 00:00:04]} Nc4 {[%clk
00:01:45]} {[%emt 00:00:11]} 28. Nb3 {[%clk 00:00:21]} {[%emt 00:00:04]} Qe7
{[%clk 00:01:32]} {[%emt 00:00:14]} 29. Nc5 {[%clk 00:00:20]} {[%emt 00:00:04]}
Ra8 {[%clk 00:01:28]} {[%emt 00:00:05]} 30. Re1 {[%clk 00:00:17]} {[%emt
00:00:05]} g6 {[%clk 00:01:15]} {[%emt 00:00:15]} 31. Qe2 {[%clk 00:00:13]}
{[%emt 00:00:05]} f5 {[%clk 00:01:13]} {[%emt 00:00:05]} 32. Qf3 {[%clk
00:00:12]} {[%emt 00:00:02]} Qd6 {[%clk 00:01:00]} {[%emt 00:00:16]} 33. Rc2
{[%clk 00:00:07]} {[%emt 00:00:08]} Re7 {[%clk 00:00:57]} {[%emt 00:00:04]} 34.
Qh3 {[%clk 00:00:07]} {[%emt 00:00:03]} Kg7 {[%clk 00:00:55]} {[%emt 00:00:04]}
35. Qf3 {[%clk 00:00:07]} {[%emt 00:00:01]} Ree8 {[%clk 00:00:49]} {[%emt
00:00:09]} 36. g3 {[%clk 00:00:07]} {[%emt 00:00:02]} Re7 {[%clk 00:00:49]}
{[%emt 00:00:01]} 37. Kg2 {[%clk 00:00:07]} {[%emt 00:00:02]} Qf6 {[%clk
00:00:48]} {[%emt 00:00:03]} 38. Qf4 {[%clk 00:00:07]} {[%emt 00:00:02]} Qd6
{[%clk 00:00:47]} {[%emt 00:00:03]} 39. Qf3 {[%clk 00:00:05]} {[%emt 00:00:04]}
Qf6 {[%clk 00:00:47]} {[%emt 00:00:02]} 40. Nd3 {[%clk 00:00:05]} {[%emt
00:00:02]} Qd6 {[%clk 00:00:46]} {[%emt 00:00:03]} 41. Rec1 {[%clk 00:00:04]}
{[%emt 00:00:04]} Rae8 {[%clk 00:00:44]} {[%emt 00:00:04]} 42. Nc5 {[%clk
00:00:04]} {[%emt 00:00:02]} Ra8 {[%clk 00:00:44]} {[%emt 00:00:01]} 43. Rc3
{[%clk 00:00:05]} {[%emt 00:00:02]} Qf6 {[%clk 00:00:40]} {[%emt 00:00:06]} 44.
Qf4 {[%clk 00:00:05]} {[%emt 00:00:01]} Qd6 {[%clk 00:00:41]} {[%emt 00:00:02]}
45. Nd3 {[%clk 00:00:05]} {[%emt 00:00:02]} Rd8 {[%clk 00:00:37]} {[%emt
00:00:06]} 46. Qxd6 {[%clk 00:00:05]} {[%emt 00:00:01]} Rxd6 {[%clk 00:00:37]}
{[%emt 00:00:02]} 47. Nc5 {[%clk 00:00:06]} {[%emt 00:00:01]} Ra7 {[%clk
00:00:37]} {[%emt 00:00:02]} 48. Kf1 {[%clk 00:00:05]} {[%emt 00:00:03]} Rd8
{[%clk 00:00:36]} {[%emt 00:00:03]} 49. Ne6+ {[%clk 00:00:06]} {[%emt
00:00:02]} Kf6 {[%clk 00:00:37]} 50. Nxd8 {[%emt 00:00:03]} Rc7 {[%clk
00:00:34]} {[%emt 00:00:03]} 51. Ke2 {[%clk 00:00:07]} {[%emt 00:00:02]} Ke7
{[%clk 00:00:33]} {[%emt 00:00:02]} 52. Nxc6+ {[%clk 00:00:06]} {[%emt
00:00:03]} Rxc6 {[%clk 00:00:34]} 53. f3 {[%clk 00:00:07]} {[%emt 00:00:02]}
Re6 {[%clk 00:00:34]} {[%emt 00:00:03]} 54. Kf2 {[%clk 00:00:07]} {[%emt
00:00:01]} Kd6 {[%clk 00:00:34]} {[%emt 00:00:01]} 55. g4 {[%clk 00:00:07]}
{[%emt 00:00:02]} h5 {[%clk 00:00:34]} {[%emt 00:00:02]} 56. gxh5 {[%clk
00:00:08]} {[%emt 00:00:02]} gxh5 {[%clk 00:00:35]} {[%emt 00:00:01]} 57. Rg1
{[%clk 00:00:09]} Re7 {[%clk 00:00:31]} {[%emt 00:00:06]} 58. Rg6+ {[%clk
00:00:09]} Re6 {[%clk 00:00:32]} {[%emt 00:00:01]} 59. Rg5 {[%clk 00:00:09]}
{[%emt 00:00:03]} h4 {[%clk 00:00:28]} {[%emt 00:00:06]} 60. Rxf5 {[%clk
00:00:09]} {[%emt 00:00:01]} Rg6 {[%clk 00:00:28]} {[%emt 00:00:03]} 61. Rh5
{[%clk 00:00:09]} {[%emt 00:00:01]} Rf6 {[%clk 00:00:24]} {[%emt 00:00:06]} 62.
Rxh4 {[%clk 00:00:09]} {[%emt 00:00:02]} Rf7 {[%clk 00:00:25]} 63. Rh6+ {[%clk
00:00:10]} {[%emt 00:00:01]} Kd7 {[%clk 00:00:25]} {[%emt 00:00:03]} 64. Rxa6
{[%clk 00:00:10]} {[%emt 00:00:02]} Rh7 {[%clk 00:00:25]} {[%emt 00:00:01]} 65.
Kg3 {[%clk 00:00:07]} {[%emt 00:00:05]} Rg7+ {[%clk 00:00:25]} {[%emt
00:00:02]} 66. Kf4 {[%clk 00:00:06]} {[%emt 00:00:02]} Rf7+ {[%clk 00:00:26]}
{[%emt 00:00:03]} 67. Kg5 {[%clk 00:00:06]} {[%emt 00:00:01]} Rxf3 {[%clk
00:00:25]} {[%emt 00:00:03]} 68. Rf6 {[%clk 00:00:05]} {[%emt 00:00:03]} Rh3
{[%clk 00:00:22]} {[%emt 00:00:06]} 69. Rh6 {[%clk 00:00:04]} {[%emt 00:00:02]}
Rf3 {[%clk 00:00:22]} {[%emt 00:00:03]} 70. Kg4 {[%clk 00:00:05]} {[%emt
00:00:01]} Rf1 {[%clk 00:00:20]} {[%emt 00:00:04]} 71. h4 {[%clk 00:00:05]}
{[%emt 00:00:02]} Rg1+ {[%clk 00:00:21]} 72. Kf3 {[%clk 00:00:05]} {[%emt
00:00:01]} Rf1+ {[%clk 00:00:21]} {[%emt 00:00:02]} 73. Ke2 {[%clk 00:00:06]}
{[%emt 00:00:02]} Rg1 {[%clk 00:00:21]} {[%emt 00:00:01]} 74. h5 {[%clk
00:00:07]} {[%emt 00:00:01]} Rh1 {[%clk 00:00:20]} {[%emt 00:00:04]} 75. a6
{[%clk 00:00:07]} {[%emt 00:00:02]} Kc7 {[%clk 00:00:20]} {[%emt 00:00:02]} 76.
Rh7+ {[%clk 00:00:08]} Kb6 {[%clk 00:00:20]} {[%emt 00:00:01]} 77. a7 {[%clk
00:00:09]} {[%emt 00:00:01]} Ra1 {[%clk 00:00:19]} {[%emt 00:00:03]} 78. a8=Q
{[%clk 00:00:09]} {[%emt 00:00:02]} Rxa8 {[%clk 00:00:19]} {[%emt 00:00:02]} 79.
h6 {[%clk 00:00:08]} {[%emt 00:00:03]} Ra2+ {[%clk 00:00:20]} {[%emt 00:00:01]}
80. Kf3 {[%clk 00:00:07]} {[%emt 00:00:03]} Rh2 {[%clk 00:00:19]} {[%emt
00:00:03]} 81. Kg3 {[%clk 00:00:07]} {[%emt 00:00:03]} Rh1 {[%clk 00:00:19]}
{[%emt 00:00:02]} 82. Rh8 {[%clk 00:00:08]} {[%emt 00:00:01]} Kb7 {[%clk
00:00:19]} {[%emt 00:00:02]} 83. h7 {[%clk 00:00:08]} {[%emt 00:00:01]} Ka7
{[%clk 00:00:20]} {[%emt 00:00:01]} 84. Kf4 {[%clk 00:00:07]} {[%emt 00:00:03]}
Rf1+ {[%clk 00:00:20]} {[%emt 00:00:03]} 85. Kg5 {[%clk 00:00:08]} {[%emt
00:00:01]} Rg1+ {[%clk 00:00:19]} {[%emt 00:00:03]} 86. Kf6 {[%clk 00:00:08]}
Rf1+ {[%clk 00:00:19]} {[%emt 00:00:03]} 87. Ke6 {[%clk 00:00:08]} Rh1 {[%clk
00:00:19]} {[%emt 00:00:03]} 88. Kxd5 {[%clk 00:00:08]} {[%emt 00:00:02]} Kb6
{[%clk 00:00:19]} {[%emt 00:00:02]} 89. e4 {[%clk 00:00:07]} {[%emt 00:00:02]}
Ka7 {[%clk 00:00:20]} {[%emt 00:00:02]} 90. e5 {[%clk 00:00:08]} {[%emt
00:00:01]} Kb7 {[%clk 00:00:21]} {[%emt 00:00:01]} 91. e6 {[%clk 00:00:08]}
{[%emt 00:00:02]} Nb6+ {[%clk 00:00:21]} {[%emt 00:00:01]} 92. Ke5 {[%clk
00:00:08]} {[%emt 00:00:02]} Re1+ {[%clk 00:00:21]} {[%emt 00:00:02]} 93. Kf5
{[%clk 00:00:09]} {[%emt 00:00:01]} Rf1+ {[%clk 00:00:21]} {[%emt 00:00:03]} 94.
Ke4 {[%clk 00:00:09]} Re1+ {[%clk 00:00:21]} {[%emt 00:00:02]} 95. Re3 {[%clk
00:00:10]} {[%emt 00:00:01]} Rd1 {[%clk 00:00:21]} {[%emt 00:00:02]} 96. Rb8+
{[%clk 00:00:09]} {[%emt 00:00:03]} 1-0